Thúc đẩy quan hệ thương mại đầu tư giữa liên hiệp châu Âu và Việt Nam trong những năm đầu thế kỷ XX

Gardado en:
Detalles Bibliográficos
Autor Principal: BÙI HUY KHOÁT
Formato: Libro
Idioma:Undetermined
Publicado: KHXH
Những chủ đề:
Các nhãn: Engadir etiqueta
Sen Etiquetas, Sexa o primeiro en etiquetar este rexistro!
Thư viện lưu trữ: Trung tâm Học liệu Trường Đại học Cần Thơ
LEADER 00572nam a2200145Ia 4500
001 CTU_47554
008 210402s9999 xx 000 0 und d
082 |a 338.959790914 
082 |b Kh411 
100 |a BÙI HUY KHOÁT 
245 0 |a Thúc đẩy quan hệ thương mại đầu tư giữa liên hiệp châu Âu và Việt Nam trong những năm đầu thế kỷ XX 
245 0 |c BÙI HUY KHOÁT 
260 |b KHXH 
650 |a vietnam - foreign economic relations - european union 
980 |a Trung tâm Học liệu Trường Đại học Cần Thơ